Schweizer Kantone anhand ihrer Wappen - Statistiken

Allgemein
  • Dieses Quiz wurde 2.188 mal gespielt
  • Das Durchschnittsergebnis liegt bei 21 aus 26
Antwortstatistiken
Bildquiz Antwort % Korrekt
Bern
98%
Zürich
97%
Luzern
93%
Schwyz
93%
Uri
93%
Zug
88%
Glarus
87%
Obwalden
87%
Basel-Stadt
86%
Nidwalden
86%
Basel-Landschaft
84%
Freiburg
83%
Schaffhausen
80%
Solothurn
78%
St. Gallen
78%
Tessin
77%
Aargau
76%
Graubünden
76%
Wallis
73%
Thurgau
72%
Genf
71%
Appenzell Ausserrhoden
70%
Waadt
70%
Appenzell Innerrhoden
69%
Neuenburg
69%
Jura
68%
Keine übereinstimmenden Quizze gefunden
Verteilung der Resultate
Anzahl Personen mit jedem Resultat
Perzentil nach korrekt beantworteten Fragen
Ihre Resultats-Entwicklung
Sie haben dieses Quiz noch nicht gespielt